| 000 | 01705nam a2200397 i 4500 | ||
|---|---|---|---|
| 003 | DO-SdBNP | ||
| 005 | 20240430112315.0 | ||
| 007 | ta | ||
| 008 | 240430b2019 dr a|||| |||| 00| 0 spa d | ||
| 020 | _a9789945177602 (v.1) | ||
| 020 | _a9789945177664 (v.2) | ||
| 040 |
_aDO-SdBNP _bspa _cBNPHU _erda |
||
| 082 | 4 | _222 | |
| 245 | 0 | 0 |
_aCiencias de la Naturaleza 2 : _bdel proyecto editorial de educación primaria / _ccolaboración, Mercedes Garín Muñoz, Juan Hidalgo García, Vicente Moratalla de la Hoz, David Suta ; edición, Natalia Pereyra ; corrección, Reina Lissette Ramírez ; ilustraciones, Soonhwa Wiesner, Juan Pablo Feliz, Wi-Hen Fung, Guillermo Bermudo, Alberto García Ayerbe. |
| 264 | 4 |
_aSanto Domingo : _bS M, _c2019. |
|
| 300 |
_avolumenes : _bIlustraciones ; _c27 cm. |
||
| 336 |
_2rdacontent _atexto _btxt |
||
| 337 |
_2rdamedia _asin mediación _bn |
||
| 338 |
_2rdacarrier _avolumen _bnc |
||
| 490 | _aSavia | ||
| 590 | _aInventariado 2024/BT | ||
| 700 | 1 |
_aGarín Muñoz, Mercedes, _ecolaboración _985304 |
|
| 700 | 1 |
_aHidalgo García, Juan, _ecolaboración _985305 |
|
| 700 | 1 |
_aMoratalla de la Hoz, Vicente, _ecolaboración _985306 |
|
| 700 | 1 |
_aSuta, David, _ecolaboración _985307 |
|
| 700 | 1 |
_aEspinosa, Diana, _ecolaboración _985308 |
|
| 700 | 1 |
_aPereyra, Natalia, _eedición _985309 |
|
| 700 | 1 |
_aRamíre, Reina Lissette, _ecorrección _973248 |
|
| 700 | 1 |
_aWiesner, Soonhwa, _eilustraciones _96598 |
|
| 700 | 1 |
_aFeliz, Juan Pablo, _eilustraciones _985341 |
|
| 700 | 1 |
_aFung, Wi-Hen, _eilustraciones _973248 |
|
| 700 | 1 |
_aBerdugo, Guillermo, _eilustraciones _985343 |
|
| 700 | 1 |
_aGarcía Ayerbe, Alberto _eilustraciones _985348 |
|
| 910 | _aBTavárez | ||
| 942 |
_2ddc _cLBS1 |
||
| 999 |
_c56546 _d56546 |
||